Manuscritos de las clases dictadas por Raúl Prebisch en Buenos Aires sobre la dinámica económica: 6 de agosto a 22 de octubre de 1948
Saved in:
| Main Authors: | , , |
|---|---|
| Format: | Bog |
| Sprog: | spansk |
| Udgivet: |
Santiago
CEPAL
2018
|
| Udgivelse: | 1a. ed |
| Serier: | Revista CEPAL, Suplememnto Especial
|
| Fag: | |
| Tags: |
Tilføj Tag
Ingen Tags, Vær først til at tagge denne postø!
|
MARC
| LEADER | 00000cam a2200000 a 4500 | ||
|---|---|---|---|
| 001 | UCC5727 | ||
| 003 | CL-VaPUC | ||
| 008 | 181026e20180000cl |||||||||||||||||spa|d | ||
| 020 | |a 9789211219951 | ||
| 082 | 0 | 4 | |a 338.9 |b PER |2 21 |
| 100 | 0 | |a Pérez Caldentey, Esteban |e author |9 600056 | |
| 700 | 0 | |a Vernengo, Matías |e author |9 600057 | |
| 700 | 0 | |a Torres, Miguel |e author |9 600058 | |
| 245 | 1 | 0 | |a Manuscritos de las clases dictadas por Raúl Prebisch en Buenos Aires sobre la dinámica económica: 6 de agosto a 22 de octubre de 1948 |
| 250 | |a 1a. ed | ||
| 300 | |a 146 p | ||
| 942 | |c BK | ||
| 945 | |d 20181026 16:22:00 |a dcastane | ||
| 260 | |a Santiago |b CEPAL |c 2018 | ||
| 650 | 0 | |a Finanzas internacionales |9 255570 | |
| 650 | 0 | |a Integración económica |9 255024 | |
| 650 | 0 | |a Desarrollo económico y social |9 256320 | |
| 583 | |a last modification |c 20181026 16:22:00 |k Rodrigo Vera | ||
| 490 | 0 | |a Revista CEPAL, Suplememnto Especial | |
| 999 | |c 372845 |d 372843 | ||
| 952 | |0 0 |1 0 |3 erb |4 0 |6 338_900000000000000_PER_2018 |7 0 |8 A |9 490700 |a BIBENE |b BIBENE |i 5509696 |o 338.9 PER 2018 |p 5509696 |r 2025-01-15 |w 2019-11-24 |y BK |z Catalogado en:20181026 |k ICO | ||
| 952 | |0 0 |1 0 |3 erb |4 0 |6 338_900000000000000_PER_2018 |7 0 |8 A |9 490701 |a BIBENE |b BIBENE |i 550970K |o 338.9 PER 2018 |p 550970K |r 2025-01-15 |w 2019-11-24 |y BK |z Catalogado en:20181026 |k ICO | ||